| 000 | 00926nam a2200313 a 4500 | ||
|---|---|---|---|
| 003 | AR-BaBNM | ||
| 005 | 20251128204929.0 | ||
| 008 | 082120s2002 ||||||||||||||000 | spa|| | ||
| 020 | _a84-7133-647-2 | ||
| 040 | _cAR-BaBNM | ||
| 100 | 1 | _aGutiérrez Pérez, José | |
| 245 | 0 | 0 |
_aLa educación ambiental _bfundamentos teóricos, propuestas de transversalidad y orientaciones extracurriculares |
| 260 |
_aMadrid _bLa Muralla _c1995 |
||
| 300 |
_a311 p. _btablas, gráfs. |
||
| 490 | 0 | _aAula abierta | |
| 504 | _aBibliografía: p. 295-310 | ||
| 650 | 4 | _aEDUCACION AMBIENTAL | |
| 650 | 4 | _aECOLOGIA | |
| 650 | 4 | _aTECNOLOGIA | |
| 650 | 4 | _aDESARROLLO CULTURAL | |
| 650 | 4 | _aINTERDISCIPLINARIEDAD | |
| 650 | 4 | _aCURRICULO | |
| 650 | 4 | _aPROYECTOS MODELO | |
| 651 | 4 | _aEspaña | |
| 700 | 1 |
_aLópez Palomo, Víctor Luis _eprologuista |
|
| 800 | 1 |
_aCasanova, María Antonia _edirector |
|
| 942 | _cBK | ||
| 998 | _csilvi | ||
| 999 |
_c9377 _d9377 |
||